00501nam a22001457a 450000500170000000800410001702000180005804000100007608200240008610000200011024500800013026000680021030000230027865000540030120260218145828.0260218b |||||||| |||| 00| 0 eng d a9789387791350 cVITAP 223rd Ed.a235.2 HIN aThe Hindu Group aSri Raghavendra Swamyb: The Living Saint of Mantralayamc/ The Hindu Group aChennaibTHG (The Hindu Group) Publishing Private Limitedc2019 a96p. : ill. ; 30cm 0aLiving Saint; Sri Raghavendra Swamy; Mantralayam